[Event "GER JU-S97 email"]
[Site "GER email"]
[Date "2012.01.10"]
[Round "?"]
[White "Altieri, Dennis"]
[Black "Hansch, Karsten"]
[Result "0-1"]
[WhiteElo "1410"]
[BlackElo "2118"]
[PlyCount "54"]
[EventDate "2012.01.16"]
[EventType "tourn (corr)"]
[EventRounds "8"]
[EventCountry "GER"]
[SourceTitle "Corr 2015"]
[Source "ChessBase"]
[SourceDate "2015.07.17"]
[SourceVersion "1"]
[SourceVersionDate "2015.07.17"]
[SourceQuality "1"]

1. f4 d5 2. Nf3 c5 3. e3 Nc6 4. c3 Nf6 5. d4 e6 6. Bd3 Bd6 7. 0-0 0-0 8. Ne5 Qc7 9. Nd2 Ne7 10. Ndf3 c4 11. Bc2 b5 12. b3 Rb8 13. Bd2 Ne4 14. Qe2 f6 15. Ng4 Bd7 16. Rab1 Nxd2 17. Qxd2 b4 18. bxc4 Qxc4 19. cxb4 Bxb4 20. Qd3 Qxd3 21. Bxd3 e5 22. dxe5 Bxg4 23. exf6 Rxf6 24. a3 Bd6 25. Rxb8+ Bxb8 26. Rb1 Bd6 27. Ng5 h6 0-1

[Event "GER JU-S97 email"]
[Site "GER email"]
[Date "2012.01.10"]
[Round "?"]
[White "Altieri, Dennis"]
[Black "Hansch, Stephan"]
[Result "0-1"]
[WhiteElo "1410"]
[BlackElo "2085"]
[PlyCount "52"]
[EventDate "2012.01.16"]
[EventType "tourn (corr)"]
[EventRounds "8"]
[EventCountry "GER"]
[SourceTitle "Corr 2015"]
[Source "ChessBase"]
[SourceDate "2015.07.17"]
[SourceVersion "1"]
[SourceVersionDate "2015.07.17"]
[SourceQuality "1"]

1. f4 d5 2. Nf3 Nf6 3. d4 Bf5 4. e3 e6 5. Bd3 Bxd3 6. Qxd3 Nbd7 7. 0-0 c5 8. c3 Rc8 9. Nbd2 Be7 10. Ne5 Qc7 11. Ndf3 0-0 12. Nxd7 Qxd7 13. Bd2 Ne4 14. Ne5 Qc7 15. f5 f6 16. Ng4 exf5 17. Rxf5 Qd7 18. Raf1 h5 19. Rxh5 Qxg4 20. Rxd5 c4 21. Qc2 Bd6 22. Rdf5 Rfe8 23. R5f3 Ng5 24. Rxf6 gxf6 25. Qg6+ Kh8 26. Qxf6+ Kh7 0-1

[Event "GER JU-S97 email"]
[Site "GER email"]
[Date "2012.01.10"]
[Round "?"]
[White "Denzer, Johannes"]
[Black "Altieri, Dennis"]
[Result "1-0"]
[WhiteElo "1638"]
[BlackElo "1410"]
[PlyCount "83"]
[EventDate "2012.01.16"]
[EventType "tourn (corr)"]
[EventRounds "8"]
[EventCountry "GER"]
[SourceTitle "Corr 2015"]
[Source "ChessBase"]
[SourceDate "2015.07.17"]
[SourceVersion "1"]
[SourceVersionDate "2015.07.17"]
[SourceQuality "1"]

1. e4 c5 2. d4 cxd4 3. c3 dxc3 4. Nxc3 Nc6 5. Nf3 d6 6. Bf4 e5 7. Be3 Bg4 8. Rc1 Nf6 9. Bb5 Be7 10. 0-0 0-0 11. h3 Bh5 12. Qe2 Qc7 13. Nd5 Qd7 14. Rxc6 bxc6 15. Bxc6 Bxf3 16. Qxf3 Qe6 17. Bxa8 Rxa8 18. Nc7 Qc8 19. Nxa8 Qxa8 20. Bg5 Qd8 21. Qe3 Qd7 22. Rc1 h6 23. Bxf6 Bxf6 24. Qc3 Kh7 25. Qc8 Qb5 26. Qf5+ g6 27. Qxf6 Qb7 28. Qf3 Kg7 29. b3 a5 30. Qd3 Qb4 31. Qc4 Qd2 32. a4 h5 33. Qc3 Qf4 34. Qe3 Qf6 35. b4 axb4 36. a5 Qd8 37. Qb6 Qg5 38. Rb1 Qf4 39. Qxb4 g5 40. a6 g4 41. hxg4 hxg4 42. a7 1-0

[Event "GER JU-S97 email"]
[Site "GER email"]
[Date "2012.01.10"]
[Round "?"]
[White "Fricke, Moritz"]
[Black "Altieri, Dennis"]
[Result "1-0"]
[WhiteElo "1813"]
[BlackElo "1410"]
[PlyCount "29"]
[EventDate "2012.01.16"]
[EventType "tourn (corr)"]
[EventRounds "8"]
[EventCountry "GER"]
[SourceTitle "Corr 2015"]
[Source "ChessBase"]
[SourceDate "2015.07.17"]
[SourceVersion "1"]
[SourceVersionDate "2015.07.17"]
[SourceQuality "1"]

1. d4 d5 2. c4 c6 3. Nf3 Nf6 4. Nc3 Bg4 5. Ne5 Bf5 6. cxd5 Nxd5 7. e4 Nxc3 8. bxc3 Bxe4 9. Qb3 Qd5 10. Qxb7 c5 11. Qc8+ Qd8 12. Bb5+ Bc6 13. Bxc6+ Nxc6 14. Qxc6+ Qd7 15. Qxd7# 1-0

[Event "GER JU-S88 email"]
[Site "GER email"]
[Date "2010.11.08"]
[Round "?"]
[White "Hansch, Karsten"]
[Black "Altieri, Dennis"]
[Result "1-0"]
[WhiteElo "2118"]
[BlackElo "1410"]
[PlyCount "67"]
[EventDate "2010.11.16"]
[EventType "tourn (corr)"]
[EventRounds "8"]
[EventCountry "GER"]
[SourceTitle "Corr 2015"]
[Source "ChessBase"]
[SourceDate "2015.07.17"]
[SourceVersion "1"]
[SourceVersionDate "2015.07.17"]
[SourceQuality "1"]

1. e4 c5 2. Nf3 Nc6 3. Nc3 Nf6 4. d3 d6 5. Be3 Bg4 6. h3 Bh5 7. g4 Bg6 8. Bg2 e5 9. 0-0 Be7 10. Nh2 0-0 11. f4 exf4 12. Rxf4 h6 13. Rf2 Nb4 14. a3 Nc6 15. Nf1 Ne5 16. Ng3 a6 17. Nf5 Bxf5 18. exf5 d5 19. Re2 Ra7 20. Bxh6 Nexg4 21. Bg5 Ne3 22. Rxe3 d4 23. Rxe7 Qxe7 24. Nd5 Qe5 25. Bxf6 gxf6 26. Qg4+ Kh7 27. Kh1 Rg8 28. Qh5+ Kg7 29. Rg1 Kf8 30. Qh6+ Rg7 31. Bf3 Qxf5 32. Qxg7+ Ke8 33. Qg8+ Kd7 34. Bg4 1-0